|
|
|
|
| LEADER |
00000nam0a2200000 4500 |
| 001 |
302369 |
| 005 |
20231102001509.0 |
| 035 |
|
|
|a (RuTPU)RU\TPU\book\327575
|
| 090 |
|
|
|a 302369
|
| 100 |
|
|
|a 20150821d1978 k y0rusy50 ca
|
| 101 |
0 |
|
|a rus
|
| 102 |
|
|
|a RU
|
| 105 |
|
|
|a a z 001zy
|
| 200 |
1 |
|
|a Управление разъединителями, сигнализация и блокировка
|f О. П. Лабок, Г. Г. Семенов
|
| 210 |
|
|
|a Москва
|c Энергия
|d 1978
|
| 215 |
|
|
|a 97 с.
|c ил.
|
| 225 |
1 |
|
|a Библиотека электромонтера
|v Вып. 465
|
| 320 |
|
|
|a Библиогр.: с. 97.
|
| 606 |
1 |
|
|a Разъединители
|2 stltpush
|3 (RuTPU)RU\TPU\subj\23657
|9 48209
|
| 610 |
1 |
|
|a управление
|
| 610 |
1 |
|
|a сигнализация
|
| 610 |
1 |
|
|a блокировка
|
| 610 |
1 |
|
|a наладка
|
| 610 |
1 |
|
|a эксплуатация
|
| 675 |
|
|
|a 621.316.545
|v 3
|
| 700 |
|
1 |
|a Лабок
|b О. П.
|g Орлен Петрович
|
| 701 |
|
1 |
|a Семенов
|b Г. Г.
|g Геннадий Григорьевич
|
| 801 |
|
1 |
|a RU
|b 63413507
|c 20150821
|
| 801 |
|
2 |
|a RU
|b 63413507
|c 20150917
|g RCR
|
| 942 |
|
|
|c BK
|